• 首页
  • 本馆介绍
  • 公告通知
  • 最新文献
  • 馆藏检索
  • 电子资源
  • 读者导购
  • 参考咨询
  • 我的图书馆
  • 登录
  • 详细信息显示
  • 放入我的书架
  • 预约/预借图书
  • 作者相关作品
  • 分类相关作品
  • 丛书相关作品
  • 出版社相关作品

书目信息

  • 表格格式
  • 工作单格式
  • 卡片格式
题名:
弹塑性断裂力学
    
 
作者: 宫本博 著 ;杨秉宪 , 王幼复 编
分册:  
出版信息: 太原   山西人民出版社  1983
页数: 306页
开本: 21cm
丛书名:
单 册:
中图分类: O346.1
科图分类:
主题词: 弹塑性断裂力学
电子资源:
ISBN:
000 00735nam0 2200265 45
001 0183011630
005 20040518103745.5
010    @dCNY1.70
091    @a15088.164
100    @a19950726d1983 em y0chiy0121 ea
101 1  @achi@cjpn
102    @aCN@b140000
105    @ay z 000yy
106    @ar
200 10 @a弹塑性断裂力学@Atan su xing duan lie li xue@f(日)宫本博著@g杨秉宪,王幼复编译
210    @a太原@c山西人民出版社@d1983
215    @a306页@d21cm
606    @a弹塑性断裂力学
690    @aO346.1@v3
701  0 @a宫本博@Agong ben bo@4著
702  0 @a杨秉宪@Ayang bing xian@4编
702  0 @a王幼复@Awang you fu@4编
801  0 @aCN@b上海图书馆@c20040518
801  2 @aCN@bNLC@c20040518
905    @f1@b5553@dO346.1@e3
    
    弹塑性断裂力学/(日)宫本博著/杨秉宪,王幼复编译.-太原:山西人民出版社,1983
    306页;21cm
    
    
    ISBN :CNY1.70
    
●
相关链接 在E读中查询图书 在五车中查询图书 在当当中查询图书 在豆瓣中查询图书


正题名:弹塑性断裂力学     索取号:O346.1/3         预约/预借

序号 登录号 条形码 馆藏地/架位号 状态 备注
1 0105553   000385568   第三借阅区/ [索取号:O346.1/3] 在馆    
2 0105554   000385559   第二样本阅览室/ [索取号:O346.1/3] 在馆    
唐山师范学院图书馆 欢迎您!
大连网信软件有限公司© 版权所有